000 00503nam a2200205Ia 4500
003 0100
008 130303s9999 xx 000 0 und d
040 _cARRUPELIB
050 _aB3318.C35N37 1985
100 _aNatoli, Charles M.
245 _aNietzsche and pascal on Christianity
260 _aNew York
260 _bPeter Lang
260 _C1985
300 _a197p.
300 _b 22cm
440 _aAmerican University Studies
650 _bPhilosophical anthropology
942 _2lcc
_013
999 _c61680
_d61680